| 000 | 00961nabaa22002177a 4500 | ||
|---|---|---|---|
| 999 |
_c6167 _d6167 |
||
| 003 | OSt | ||
| 005 | 20260123211349.0 | ||
| 008 | 190701b xxu||||| |||| 00| 0 spa d | ||
| 040 | _cPJ | ||
| 100 |
_96889 _aRomero Verdún, Iván F. |
||
| 245 | 1 | 0 |
_aEmpleo público y reforma del Estado / _cIván F. Romero Verdún. |
| 300 | _ap. 256-263 | ||
| 500 | _aCita: TR LALEY AR/DOC/450/2024 | ||
| 505 | _aSumario: I. Introducción.— II. Ley 25.164.— III. Organismos que se rigen por LCT y empresas estatales.— IV. Una nota adicional sobre empleo público y discriminación.— V. Colofón. | ||
| 505 | _t¿Te interesa el texto completo? Comunicate al correo: koha@justierradelfuego.gov.ar | ||
| 650 | 0 |
_9211 _aDERECHO ADMINISTRATIVO |
|
| 650 | 0 |
_9938 _aEMPLEO PUBLICO |
|
| 650 | 0 |
_93177 _aREFORMA DEL ESTADO |
|
| 773 | 0 |
_02842 _93251 _dBuenos Aires : AbeledoPerrot, 2012- _oDA121 _tDerecho administrativo. Nº 152 marzo/abril 2024 _z18510590 |
|
| 942 |
_2udc _cANA |
||